Capitales des Pays par Drapeaux - Statistiques

Statistiques générales
  • Ce quiz a été pris 198 fois
    196 depuis la dernière actualisation
  • Le résultat moyen est 104 sur 196
Statistiques - réponses
Drapeau Capitale % Correct
pays Brasilia
86%
pays Berne
81%
pays Madrid
81%
pays Beyrouth
79%
pays Lima
79%
pays Mexico
79%
pays Rome
79%
pays Sofia
79%
pays Tokyo
79%
pays Kiev
78%
pays Vienne
78%
pays Lisbonne
77%
pays Reykjavik
77%
pays Ottawa
76%
pays Pretoria / Le Cap / Bloemfontein
76%
pays Moscou
74%
pays Tallin
74%
pays Pékin
73%
pays Tbilissi
73%
pays Londres
72%
pays Nairobi
72%
pays Paris
72%
pays Singapour
72%
pays Sarajevo
71%
pays Téhéran
71%
pays Erevan
69%
pays Minsk
69%
pays Bruxelles
68%
pays Kuala Lumpur
68%
pays Washington
68%
pays Astana
67%
pays Bakou
67%
pays Canberra
67%
pays Bagdad
65%
pays Dakar
65%
pays Doha
65%
pays Santiago
65%
pays Djibouti
64%
pays Helsinki
64%
pays New Delhi
64%
pays Oulan-Bator
64%
pays Stockholm
64%
pays Vaduz
64%
pays Amsterdam
63%
pays Bangkok
63%
pays Belgrade
63%
pays Budapest
63%
pays Damas
63%
pays Le Caire
63%
pays Ouagadougou
63%
pays Riga
63%
pays Riyad
63%
albanie Tirana
63%
pays Vatican
63%
pays Asmara
62%
pays Bratislava
62%
pays Luxembourg
62%
pays Vilnius
62%
pays Yaoundé
62%
pays Basseterre
60%
pays Bogota
60%
pays Nassau
60%
pays Podgorica
60%
pays Wellington
60%
pays Addis-Abeba
59%
pays Andorre-la-Vieille
59%
pays Monaco
59%
pays Niamey
59%
pays Port Louis
59%
pays Rabat
59%
pays Saint-Domingue
59%
pays Saint John's
59%
pays San Salvador
59%
pays Zagreb
59%
pays Jakarta
58%
pays Katmandou
58%
pays Libreville
58%
pays Manille
58%
pays Mascate
58%
pays Prague
58%
algerie Alger
56%
pays Bridgetown
56%
pays Bucarest
56%
pays Buenos Aires
56%
pays Jérusalem
56%
pays Nicosie
56%
pays Panama
56%
pays Praia
56%
pays Skopje
56%
pays Caracas
55%
pays Kingston
55%
pays Ljubljana
55%
pays Montevideo
55%
pays Pyongyang
55%
pays Quito
55%
pays Saint-Marin
55%
pays San José
55%
pays Séoul
55%
pays Dublin
54%
pays Mbabane
54%
pays Roseau
54%
pays Achgabat
53%
pays Ankara
53%
pays Bamako
53%
pays Berlin
53%
pays Dili
53%
pays Islamabad
53%
pays Koweit
53%
pays Naypyidaw
53%
pays Oslo
53%
pays Port-au-Prince
53%
pays Suva
53%
pays Antananarivo
51%
pays Castries
51%
kaboul Kaboul
51%
pays Kinshasa
51%
pays La Valette
51%
pays Malé
51%
pays Phnom Penh
51%
pays Dodoma
50%
pays Victoria
50%
pays Asuncion
49%
pays Belmopan
49%
pays Chișinău
49%
pays Copenhague
49%
pays Dacca
49%
pays Hanoï
49%
pays La Havane
49%
pays Porto-Novo
49%
pays Yamoussoukro
49%
pays Bissau
47%
pays Brazzaville
47%
pays Gitega
47%
pays Guatemala
47%
pays Luanda
47%
pays Maputo
47%
pays Saint-Georges
47%
pays Sucre / La Paz
47%
pays Taipei
47%
pays Tunis
47%
pays Kingstown
46%
pays Sao Tomé
46%
pays Abuja
45%
pays Apia
45%
pays Djouba
45%
pays Port-d'Espagne
45%
pays Tachkent
45%
pays Athènes
44%
pays Conakry
42%
pays Freetown
42%
pays Manama
42%
pays Moroni
42%
pays Sri Jayawardenapura Kotte
42%
pays Thimphou
42%
pays Tripoli
42%
pays Khartoum
41%
pays Lomé
41%
pays Ndjamena
41%
pays Varsovie
40%
pays Accra
38%
pays Funafuti
38%
pays Kigali
38%
pays Lilongwe
38%
pays Tegucigalpa
38%
pays Georgetown
37%
pays Managua
37%
pays Maseru
37%
pays Windhoek
37%
pays Lusaka
36%
pays Mogadiscio
36%
pays Paramaribo
36%
pays Port Moresby
36%
pays Abou Dabi
33%
pays Monrovia
33%
pays Nouakchott
33%
pays Douchanbé
32%
pays Gaborone
32%
pays Port-Vila
32%
pays Amman
31%
pays Ngerulmud
31%
pays Bandar Seri Begawan
29%
pays Bichkek
29%
pays Harare
29%
pays Yaren
28%
pays Bangui
26%
pays Banjul
26%
pays Majuro
26%
pays Honiara
24%
pays Nuku'Alofa
24%
pays Sanaa
24%
pays Kampala
23%
pays Jérusalem est / Ramallah
22%
pays Malabo
22%
pays Palikir
22%
pays Tarawa-sud
21%
pays Vientiane
21%
Aucun quiz correspondant
Distribution des résultats
% des personnes avec chaque résultat
Percentile par nombre de réponses
Votre historique - résultats
Vous n’avez pas pris ce quiz depuis la dernière actualisation